| 000 | 01187nac a22003497a 4500 | ||
|---|---|---|---|
| 001 | BR0105052 | ||
| 003 | BR-BrBNA | ||
| 005 | 20240105122632.0 | ||
| 008 | 230509b bl.|||m| |||| 00| 0 por d | ||
| 040 |
_aBR-BrBNA _bpor _cBiblioteca Nacional de Agricultura |
||
| 072 | _aF01; F30 | ||
| 090 | _a0150 BR0105052 | ||
| 100 | 1 | _aCosta, J.L. das S. | |
| 100 | 1 | _aGuimaraes, E.P. | |
| 110 | 1 |
_aCentro Nacional de Pesquisa de Arroz e Feijao, Santo Antonio de Goias, GO (Brasil) _91755 |
|
| 111 | 1 |
_a6. Reuniao Nacional de Pesquisa de Arroz _cGoiania, GO (Brazil) _d9-13 Mar 1998 |
|
| 245 | 1 | _a6. RENAPA Reuniao Nacional de Pesquisa de Arroz | |
| 260 | 3 |
_aSanto Antonio de Goias, GO (Brasil): _c1998. |
|
| 300 | _a514 p. | ||
| 490 |
_aDocumentos - Centro Nacional de Pesquisa de Arroz e Feijao (Brazil) _vno. 85 _x |
||
| 500 | _aSeveral bibliography; 255 tables; 68 illus. | ||
| 650 | _aArroz | ||
| 650 | _aPratica Cultural | ||
| 650 | _aGermoplasma | ||
| 650 | _aDefesa Vegetal | ||
| 650 | _aAdubacao | ||
| 650 | _aSemeadura | ||
| 650 | _aVariedade | ||
| 650 | _aCaracteristicas Agronomicas | ||
| 909 |
_a202312 _bLúcia Elande _c55 _dLúcia Elande |
||
| 942 |
_2AGRIS _n0 _cMS |
||
| 999 |
_c292039 _d292039 |
||